| 000 | 00534nam a2200193Ia 4500 | ||
|---|---|---|---|
| 008 | 131103s9999 xx 000 0 und d | ||
| 040 | _aLoreto College | ||
| 041 | _aEnglish | ||
| 082 |
_a907/ROB _bLCBED/4162 |
||
| 100 | _aRoberts, P.E. | ||
| 245 |
_aHistory of british india _b under the company and the crown _cP.E.Roberts |
||
| 250 | _a3rd.ed. | ||
| 260 |
_aLondon _bOxford unioversity press _c1967 |
||
| 300 |
_a707p. _c 22cm. |
||
| 650 | _aHistory - method | ||
| 651 | _aHistory | ||
| 850 | _aLCBED/907/ROB | ||
| 942 | _cBK | ||
| 999 |
_c28874 _d79353 |
||